| 000 | 00756nam a2200181 4500 | ||
|---|---|---|---|
| 001 | 109638 | ||
| 003 | ES-MaACL | ||
| 005 | 20230906184900.0 | ||
| 007 | t| | ||
| 008 | 061121s1957 sp r ||||1| spa d | ||
| 100 | 1 |
_aMiura Casas, José. _981723 |
|
| 245 | 1 | 3 |
_aEl subarriendo de viviendas y locales de negocio en la vigente Ley de Arrendamientos Urbanos de 13 de abril de 1956 _b: (de interés para los arrendadores, arrendatarios, inquilinos y subarrendatarios) / _cJosé Miura Casas; con la colaboración de Domingo Lozano López. |
| 260 |
_aMadrid : _b[s. n.], _c1957. |
||
| 300 |
_a75 p. ; _c22 cm. |
||
| 505 | 8 | _aPrecede al tít. (Tratado de vulgarización) | |
| 700 | 1 |
_aLozano López, Domingo. _974451 |
|
| 852 |
_aES-MaACL _j1994-F-18 _bR.40453 |
||
| 999 |
_c109638 _d109638 |
||